000
00211 a2200109 4500
020
_a
078073003990
041
_a
spa
100
_a
Maccarone, Grace
245
_a
El almuerzo sorpresa
942
_c
BK
952
_7
4
999
_c
19848
_d
19848